Tampereen tilastoalueet (kaupunginosat) - Statistics

Yleistilastot
  • Tätä visaa on pelattu 191 kertaa
  • Keskiarvotulos 49 / 111
Vastaustilastot
Suuralue Suunnittelualue Tilastoalue % Oikein
Kaakkoinen Herva Hervanta
91%
Keskinen Sampo Kaleva
87%
Kaakkoinen Kauka Kaukajärvi
82%
Eteläinen Koivisto Koivistonkylä
80%
Eteläinen Härmä Härmälä
79%
Luoteinen Liela Lielahti
79%
Koillinen Messu Messukylä
75%
Keskinen Keskusta Pyynikki
75%
Luoteinen Lentävä Lentävänniemi
74%
Keskinen Keskusta Ratina
73%
Keskinen Keskusta Tammela A
71%
Keskinen Keskusta Tammela B
71%
Keskinen Iides Nekala
68%
Lounainen Raho Rahola
66%
Keskinen Keskusta Amuri A
63%
Keskinen Keskusta Amuri B
63%
Keskinen Keskusta Hatanpää
61%
Lounainen Pispala Ala-Pispala
60%
Koillinen Leino Leinola
60%
Kaakkoinen Herva Hervantajärvi
59%
Eteläinen Peltoo Vuores
59%
Lounainen Pispala Ylä-Pispala
59%
Kaakkoinen Kauka Hallila
58%
Eteläinen Peltoo Peltolammi
58%
Keskinen Keskusta Tampella
58%
Lounainen Raho Epilä
57%
Pohjoinen Kämmen Kämmenniemi
57%
Keskinen Sampo Kauppi
57%
Kaakkoinen Kauka Turtola
57%
Koillinen Tasa Atala
55%
Lounainen Tesoma Ikuri
55%
Keskinen Keskusta Kyttälä A
53%
Keskinen Keskusta Kyttälä B
53%
Pohjoinen Terä Terälahti
53%
Keskinen Keskusta Finlayson
52%
Keskinen Sampo Kissanmaa
52%
Eteläinen Peltoo Multisilta
52%
Keskinen Iides Viinikka
52%
Koillinen Leino Linnainmaa
51%
Lounainen Raho Kalkku
50%
Lounainen Pispala Tahmela
50%
Lounainen Tesoma Tesomajärvi
50%
Keskinen Sampo Järvensivu
49%
Kaakkoinen Kauka Lukonmäki
49%
Keskinen Sampo Kalevanrinne
47%
Keskinen Keskusta Särkänniemi
47%
Lounainen Pispala Santalahti
46%
Lounainen Tesoma Haukiluoma
45%
Lounainen Raho Kaarila
45%
Keskinen Sampo Petsamo
45%
Lounainen Tesoma Tohloppi
45%
Koillinen Leino Vehmainen
45%
Koillinen Messu Hakametsä
43%
Lounainen Pispala Hyhky
43%
Lounainen Tesoma Lamminpää
43%
Kaakkoinen Herva Rusko
43%
Eteläinen Peltoo Lahdesjärvi
42%
Keskinen Keskusta Tulli
42%
Keskinen Keskusta Kalevanharju
40%
Luoteinen Lentävä Niemi
40%
Pohjoinen Aito Aitoniemi
39%
Keskinen Sampo Lappi
39%
Luoteinen Liela Niemenranta
39%
Keskinen Keskusta Kaakinmaa
38%
Keskinen Iides Muotiala
38%
Koillinen Messu Takahuhti
38%
Keskinen Keskusta Tammerkoski
38%
Eteläinen Härmä Rantaperkiö
37%
Koillinen Tasa Tasanne
37%
Lounainen Raho Villilä
37%
Keskinen Keskusta Jussinkylä
36%
Luoteinen Liela Pohtola
36%
Kaakkoinen Kauka Viiala
36%
Keskinen Sampo Lapinniemi
35%
Koillinen Messu Pappila
35%
Koillinen Leino Holvasti
34%
Luoteinen Liela Ryydynpohja
34%
Eteläinen Koivisto Nirva
33%
Koillinen Messu Ristinarkku
33%
Eteläinen Koivisto Veisu
33%
Eteläinen Peltoo Lakalaiva
32%
Koillinen Tasa Olkahinen
32%
Eteläinen Koivisto Rautaharkko
30%
Keskinen Keskusta Pyynikinrinne
29%
Eteläinen Härmä Sarankulma
29%
Lounainen Tesoma Myllypuro
28%
Keskinen Keskusta Nalkala
28%
Keskinen Keskusta Osmonmäki
28%
Koillinen Messu Ruotula
28%
Koillinen Messu Aakkula
27%
Lounainen Tesoma Epilänharju
26%
Pohjoinen Aito Sorila
26%
Pohjoinen Terä Velaatta
26%
Keskinen Iides Vihioja
25%
Keskinen Sampo Vuohenoja
25%
Koillinen Messu Uusikylä
24%
Koillinen Leino Hankkio
23%
Koillinen Messu Huikas
22%
Eteläinen Koivisto Korkinmäki
22%
Pohjoinen Aito Nurmi
22%
Keskinen Sampo Liisankallio
21%
Koillinen Tasa Niihama
21%
Lounainen Tesoma Ristimäki
21%
Koillinen Tasa Kumpula
20%
Luoteinen Liela Lintulampi
20%
Eteläinen Koivisto Taatala
15%
Kaakkoinen Kauka Haihara
14%
Keskinen Iides Jokipohja
14%
Koillinen Tasa Ojala
12%
Pohjoinen Kämmen Viitapohja
11%
Pohjoinen Terä Polso
9%
Ehtoja vastaavia visoja ei löytynyt
Tulosjakauma
Jokaisen tuloksen saaneiden osuus
Persentiili vastausten määrän mukaan
Tuloshistoriasi
Et ole pelannut tätä visaa